| 000 | 00480 a2200193 4500 | ||
|---|---|---|---|
| 005 | 20260128110258.0 | ||
| 008 | 260127b |||||||| |||| 00| 0 eng d | ||
| 020 |
_a9789391972554 _cRs. 2195.00 |
||
| 040 | _aMAIN | ||
| 082 |
_a591.7 _bD497E |
||
| 100 | _aDevki | ||
| 245 | _aEncyclopaedia of animal ecology | ||
| 260 |
_bAgrotech Press _c2025 _aJaipur |
||
| 300 | _aviii, 288 | ||
| 650 | _aNatural Sciences | ||
| 650 | _aZoology | ||
| 650 | _aAnimal Ecology | ||
| 942 | _cBK | ||
| 999 |
_c395154 _d395154 |
||